| 000 | 00530nam a22001697a 4500 | ||
|---|---|---|---|
| 003 | SGT | ||
| 020 | _a9788184950786 | ||
| 082 | _a662.66 THI | ||
| 100 | _aThipse, S. S. | ||
| 245 | _aAlternative fuels : concepts, technologies and developm | ||
| 250 | _a5TH | ||
| 260 |
_aNew Delhi _bJaico Publishing House _c2016 |
||
| 300 | _a507 | ||
| 650 | _a EXPLOSIVES, FUELS & RELATED PRODUCTS | ||
| 653 | _aAlternative fuels, Hydrogen, liquefied hydrogen, Compressed Natural gas (CNG), Liquefied Natural Gas (LNG), LPG | ||
| 942 |
_2ddc _cBK |
||
| 999 |
_c8813 _d8813 |
||